=LDR 00000nam 2200000 4500 =001 INLIS000000000052327 =005 20260509094758 =035 ##$$a 0010-0218000023 =007 ta =008 260509################g##########0#ind## =020 ##$$a 978-602-317-340-2 =082 ##$$a 378.16 =084 ##$$a 378.16 THE t =245 ##$$a The Master 5 BMPTN soshum 2017 =260 ##$$a Surakarta :$b Visi Mandiri,$c 2016 =300 ##$$a 824 hlm. : $b ilus. ; $c 26 x 19 cm. =650 #4$$a Perguruan Tinggi - SBMPTN =504 ##$$a Bibliografi : hlm. 812-814 =990 ##$$a 21707220 =990 ##$$a 21707219 =990 ##$$a 21707218 =990 ##$$a 21707217 =990 ##$$a 21707216 =990 ##$$a 21707220 =990 ##$$a 21707219 =990 ##$$a 21707218 =990 ##$$a 21707217 =990 ##$$a 21707216